00837cam a22002654a 45000010009000000050017000090080041000260100017000670200018000840200015001020350024001170400036001410410008001770420008001850800011001930820015002041000007002191010007002262450090002335040064003239060045003879420012004329990017004449520110004611585469820180205042020.0090805s2009 njua b 001 0 eng c a 2009280192 a9789812834201 a9812834206 a(OCoLC)ocn318899046 aNzcNZLNUdBWXdWAUdYDXCPdDLC aeng apcc a608 MA00a608 MA2221 a27 aIM10aFundamentals of patenting and licensing for scientists and engineers /cMatthew Y. Ma aIncludes bibliographical references (p. 257-258) and index. a7bcbccpccadapd2encipf20gy-gencatlg 2ddccBK c41735d41735 00102udc40708PËKGa002b002cPËKGd2018-02-05l0o608 MAp002-2997095r2018-02-05w2018-02-05yBK